Sports Quiz

Random Sports or NBA Quiz
Score 0/16 Timer 08:00
0 Plays Today
% Correct
Pat Riley
92.8%
Bill Parcells
73.3%
Tony La Russa
66.3%
Mike Shanahan
57.1%
Joe Torre
51.1%
Tom Lasorda
43.7%
Don Nelson
41.9%
Marty Schottenheimer
40.4%
% Correct
Larry Brown
38%
Scotty Bowman
35.4%
Lenny Wilkens
35.3%
Billy Martin
34.9%
Chuck Knox
16%
Bill Fitch
13.8%
Joe McCarthy
12.4%
Dick Irvin
3.6%
Remove Ads.
Support Sporcle.
Get the best of Sporcle when you Go Orange. This ad-free experience offers more features, more stats, and more fun while also helping to support Sporcle. Thank you for becoming a member.

You're not logged in!

Compare scores with friends on all Sporcle quizzes.
OR
Log In

Show Comments

Extras

Top Quizzes Today


Score Distribution

Your Account Isn't Verified!

In order to create a playlist on Sporcle, you need to verify the email address you used during registration. Go to your Sporcle Settings to finish the process.

Report this User

Report this user for behavior that violates our Community Guidelines.

Details: